Normal view
MARC view
- القانون الجنائي -- العقوبات -- الجريمة -- الجرائم ضد الأفراد
Entry Topical Term
001 - CONTROL NUMBER
- control field: 31299
003 - CONTROL NUMBER IDENTIFIER
- control field: JO-AjAnu
005 - DATE AND TIME OF LATEST TRANSACTION
- control field: 20230606075255.0
008 - FIXED-LENGTH DATA ELEMENTS
- fixed length control field: 230606|| aca||aabn | a|a d
040 ## - CATALOGING SOURCE
- Original cataloging agency: JO-AjAnu
- Transcribing agency: JO-AjAnu
150 ## - HEADING--TOPICAL TERM
- Topical term or geographic name entry element: القانون الجنائي -- العقوبات -- الجريمة -- الجرائم ضد الأفراد
670 ## - SOURCE DATA FOUND
- Source citation: Work cat.: (JO-AjAnu)16073: تأليف الحديثي ، فخري عبدالرزاق ، مؤلف.مشارك خالد حميدي الزعبي , author 31298, الموسوعة الجنائية 2 شرح قانون العقوبات القسم الخاص الجرائم الواقعة على الأشخاص